000 00356nam a22001457a 4500
020 _qHB.
040 _cFIZZA ISHAQ
082 _a631.
_bNLY
100 _aBRADY, C. NYLE.
_989696
245 _aELEMENTS OF THE NATURE AND PROPERTIES OF SOILS /
_cNYLE C. BRADY.
250 _a4th ED.
260 _bPEARSON,
_c2019.
300 _a742 P. ;
942 _2ddc
_cBK
999 _c588300
_d588300